|
|
|
|
| LEADER |
00000cam a2200000 7i4500 |
| 001 |
0000023629 |
| 005 |
20111110.0 |
| 008 |
111013 my a f may |
| 040 |
|
|
|a INS
|
| 090 |
0 |
0 |
|a J142
|
| 110 |
1 |
|
|a Kursus induksi modul khusus bagi kumpulan II gred 17 ,
|d 2011 13 - 15 April
|c INSPEN, Bangi
|
| 245 |
0 |
0 |
|a Kursus induksi modul khusus bagi kumpulan II gred 17 :
|b 13 - 15 April 2011
|c Anjuran Pusat Penilaian dan Perkhidmatan Harta, INSPEN
|
| 260 |
|
|
|a Bangi :
|b Institut Penilaian Negara ,
|c 2011
|
| 300 |
|
|
|a 1v. ( Mukasurat pelbagai ) :
|b ill. ;
|c 30 cm.
|
| 650 |
0 |
0 |
|a Civil services
|x Officers and employees
|x Training of
|
| 650 |
0 |
0 |
|a Employees
|z Malaysia
|x Training of
|
| 710 |
1 |
|
|a INSPEN ( Institut Penilaian Negara )
|
| 856 |
|
|
|u http://app.inspen.gov.my:7779/pls/portal/docs/PAGE/CORPORATEPAGES/PORTAL_INSPEN/NOTA_KURSUS/ASP/INSPEN%20034%20KURSUS%20INDUKSI%20MODUL%20KHUSUS%20FINAL.PDF
|
| 999 |
|
|
|a J000000294
|b BOOK
|c Course Notes
|e Default branch
|
| 999 |
|
|
|a J000000295
|b BOOK
|c Course Notes
|e Default branch
|
| 999 |
|
|
|a J000000296
|b BOOK
|c Course Notes
|e Default branch
|